| 000 | 00523aam a2200205 4500 | ||
|---|---|---|---|
| 005 | 20191126110109.0 | ||
| 008 | 150721b xxu||||| |||| 00| 0 spa d | ||
| 041 | _aEspañol | ||
| 082 | _a390 R173f | ||
| 100 |
_aRamírez Sáizar, José _957029 |
||
| 245 | _aFolclor costarricense | ||
| 260 | _aCosta Rica | ||
| 260 | _bJiménez y Tanzi | ||
| 260 | _c1986 | ||
| 300 | _a212 páginas | ||
| 650 |
_aFOLCLOR COSTARRICENSE _97437 |
||
| 650 |
_aCOSTA RICA _957030 |
||
| 650 |
_aVIDA SOCIAL Y COSTUMBRES _97700 |
||
| 942 | _cBK | ||
| 999 |
_c169 _d169 |
||